000
00194nam a2200085Ia 4500
008
250605s9999 xx 000 0 und d
041
_a
eng
100
_a
Adhishree Singh
245
_a
Think Consultants
999
_c
43634
_d
43634